| 000 | 00339nam a2200133Ia 4500 | ||
|---|---|---|---|
| 003 | OSt | ||
| 008 | 201027b ||||| |||| 00| 0 eng d | ||
| 020 | _a9789352028405 | ||
| 100 | _aAGGARWAL,OP. | ||
| 245 | _a Foreign Trade and Foreign Exchange | ||
| 260 |
_aN. delhi _b Himalaya Publication House _c2009 |
||
| 300 | _a551 | ||
| 942 |
_2ddc _cBK |
||
| 999 |
_c4302 _d4302 |
||